00865nam a2200241Ia 4500001000600000003000900006008004100015040001300056040001300069041001300082100001800095100002900113245004900142245008800191250001100279260000900290260001700299260004900316300005700365500014500422650002500567650003100592D1467IT-RoPAU130308s9999 xx 000 0 und d aIT-RoPAU cIT-RoPAU aITALIANO aInfante Carlo gCodice Aut. SPICS: 22843 aMymedia, per un'ecologia della comunicazione bCibernauti. Tecnologia, Comunicazione, Democrazia-4-Posturbania: la Citta' Virtuale a1a ed. aROMA bCastelvecchi c1995 [1° Ed.:1995 - Ed.Ling.Originale:1995] a"13 p. (prefazione: no ; testo: 13 [pagine: 66-78])" aUn'Avanguardia di Massa. Nuovi Valori D'Uso. Comunità€ Virtuali. Comunicazione Bene Comune. Mymedia. Era Postelevisiva. Verso L'Autopoiesi. aSAGGI DI INFORMATICA eCodice materia Spics: 4207